书目信息 |
| 题名: |
中共党史人物传
|
|
| 作者: | ;中国中共党史人物研究会 编 | |
| 分册: | 第75卷 | |
| 出版信息: | 北京 中国人民大学出版社 2017.07 |
|
| 页数: | 343页 | |
| 开本: | 24cm | |
| 丛书名: | ||
| 单 册: | ||
| 中图分类: | K820.7 | |
| 科图分类: | ||
| 主题词: | ||
| 电子资源: | ||
| ISBN: | 978-7-300-24120-3 | |
| 000 | 01140nam 2200253 450 | |
| 001 | CAL 0120172293065 | |
| 005 | 20171227150431.9 | |
| 010 | @a978-7-300-24120-3@dCNY59.00 | |
| 100 | @a20171225d2017 em y0chiy50 ea | |
| 101 | 0 | @achi |
| 102 | @aCN@b110000 | |
| 105 | @ay a 000yc | |
| 106 | @ar | |
| 200 | 1 | @a中共党史人物传@Azhong gong dang shi ren wu zhuan@h第75卷@f中国中共党史人物研究会编@Fzhong guo zhong gong dang shi ren wu yan jiu hui bian |
| 210 | @a北京@c中国人民大学出版社@d2017.07 | |
| 215 | @a343页@d24cm | |
| 320 | @a有书目 | |
| 330 | @a《中共党史人物传》第75卷, 主要讲述了黄火青、王从吾、朱学范、徐运北、徐子荣、张启龙、李一清、孙敬文、刘仁静、高静山10位中国共产党人的生平事迹。真实地记载了传主一生的功过, 对每个传主在经历的事件、战争、会议中, 展现复杂多样的人物性格进行了艺术创造, 展现了他们波澜壮阔的人生和为党为人民抛头颅洒热血的情怀。 | |
| 586 | @a | |
| 601 | 02 | @a中国共产党@Azhong guo gong chan dang@x历史人物@x列传 |
| 690 | @aK820.7@v5 | |
| 711 | 02 | @a中国中共党史人物研究会@Azhong guo zhong gong dang shi ren wu yan jiu hui@4编 |
| 801 | 0 | @aCN@c20171225 |
| 905 | @a河南城建学院图书馆@dK820.7@eZ661:75@f1 | |
| 中共党史人物传.第75卷/中国中共党史人物研究会编.-北京:中国人民大学出版社,2017.07 |
| 343页;24cm |
| ISBN 978-7-300-24120-3:CNY59.00 |
| 《中共党史人物传》第75卷, 主要讲述了黄火青、王从吾、朱学范、徐运北、徐子荣、张启龙、李一清、孙敬文、刘仁静、高静山10位中国共产党人的生平事迹。真实地记载了传主一生的功过, 对每个传主在经历的事件、战争、会议中, 展现复杂多样的人物性格进行了艺术创造, 展现了他们波澜壮阔的人生和为党为人民抛头颅洒热血的情怀。 |
| ● |
| 相关链接 |
|
|
|
正题名:中共党史人物传
索取号:K820.7/Z661:75
 
预约/预借
| 序号 | 登录号 | 条形码 | 馆藏地/架位号 | 状态 | 备注 |
| 1 | 1409991 | 214099919 | 社科库309/309社科库 45排3列5层/ [索取号:K820.7/Z661:75] | 在馆 |